00790nam a2200181Ia 4500008004000000020001800040082001600058100003600074245007300110250000500183260005400188300001400242650012100256690002500377906001100402999001900413952017600432210210b1997 xxu||||| |||| 00| 0 eng d a0 7817 3014 7 a616.01 WINK aWINN (Washington C) and others. aKoneman's color atlas and textbook of diagnostic microbiology. Ed.6. a aPhiladelphiabLippincott Williams & Wilkinsc1997 axxxi,1535 aDiagnostic Microbiology Immunologic Molecular Microbiology Bacteriology Bacilli Legionella Neisseria Moraxella Cocci aMedical Microbiology a060622 c107392d107392 001040738MicrobiologyaALbALcMicrobiologyd2021-02-17eWest Coast Paper & Stationers Mangalore-1g4344.00l0o616.01 WINKp060622r2021-02-17 00:00:00w2021-02-17yBK